| 000 | 00438nam a2200133Ia 4500 | ||
|---|---|---|---|
| 008 | 211122s9999||||xx |||||||||||||| ||und|| | ||
| 082 |
_a894.812 _bBHA-N |
||
| 100 | _aBharadwaj, Babu | ||
| 245 | 0 | _aNarukkilakkad Autonomous Republic | |
| 260 |
_bMathrubhumi Books _aKozhikode |
||
| 630 | _xGeneral Stack | ||
| 650 |
_aLITERATURE AND RHETORIC _vLITERATURE OF OTHER LANGUAGESALTAIC,URALIC,HYPERBOREAN AND DRAVIDIANMalayalam |
||
| 942 | _cBOOK | ||
| 999 |
_c125259 _d125259 |
||